| 000 | 00476nam a2200169 i 4500 | ||
|---|---|---|---|
| 001 | 37563 | ||
| 003 | ES-MaACL | ||
| 005 | 20230906155611.0 | ||
| 007 | t| | ||
| 008 | 030221s1969 sp ||||1| spa d | ||
| 080 | _a86-141"19" | ||
| 100 | 1 |
_aBuenestado León, Guillermo. _932372 |
|
| 245 | 1 | 3 |
_aEl Gólgota y Sevilla / _cGuillermo Buenestado León. |
| 260 |
_aSevilla : _bEd. Católica Española, _c1969. |
||
| 300 |
_a138 p., lám. ; _c21 cm. |
||
| 852 |
_aES-MaACL _jC-49847 |
||
| 999 |
_c37563 _d37563 |
||